000 00697nam a2200217 a 4500
999 _c3121
_d3121
001 3121
003 BD-JhCC
005 20171126082808.0
008 171111s1978 bg |||| ||a| 000 0 ben d
035 _a(BD-JhCC)3121
040 _aBD-JhCC
_dBD-JhCC
041 _aben
082 _a891.442
_bAHM 1978
100 _aআহমদ, মমতাজউদ্দীন
245 _aহৃদয় ঘটাত ব্যাপার স্যাপার /
_cমমতাজউদ্দীন আহমদ,
260 _aঢাকা :
_bমুক্তধারা প্রকাশনী,
_c1978
300 _a134 p. :
_c20 cm.
650 _aBengali Drama
942 _2ddc
_cBK